[Event "106th British-ch 2019"]
[Site "Torquay"]
[Date "2019.07.31"]
[Round "5.15"]
[White "Pein, Malcolm"]
[Black "Merriman, John"]
[Result "1-0"]
[WhiteElo "2312"]
[BlackElo "2226"]
[Annotator "TA"]
[PlyCount "45"]
[EventDate "2019.07.27"]
[EventType "swiss"]
[EventCountry "GBR"]
[SourceTitle "playchess.com"]
[Source "ChessBase"]
[SourceQuality "1"]

{[%evp 9,45,13,10,-44,1,-1,4,2,34,0,0,-45,-35,-55,-37,-40,-33,-33,-21,-29,-26,-22,-27,-33,-19,-29,62,62,66,56,173,172,300,303,300,294,432,427]} 1. Nf3 d5 2. g3 Bg4 3. Bg2 Nd7 4. O-O Ngf6 5. b3 (5. h3 Bh5 6. d3 e5 7. e4 dxe4 8. dxe4 Nxe4 9. Re1 Bxf3 10. Qxf3 Nd6 {½-½ (10) Sargissian,G (2680)-Korobov,A (2664) Abu Dhabi 2018}) 5... e5 6. Bb2 {A07: Réti Opening: New York and Capablanca Systems} (6. h3 $11 Bxf3 7. Bxf3) 6... Bd6 (6... e4 $5 {[%cal Re4f3]} 7. Ne5 Nxe5 8. Bxe5 Bd6 $11) 7. d3 Qe7 8. c4 {The position is equal.} c6 9. Nbd2 O-O 10. e4 $146 ({Predecessor:} 10. h3 Bxf3 11. Nxf3 Ba3 12. Bc3 d4 13. Bd2 Bb4 14. Bxb4 Qxb4 15. Qc2 a5 16. Rfb1 {½-½ (46) Kaustuv,K (2203)-Laxman,R (2438) Bhubaneswar 2015}) 10... dxe4 11. dxe4 a5 12. a3 Rfd8 13. Qc2 Bc7 14. h3 Bh5 15. Bc3 Nc5 16. b4 Nd3 17. c5 axb4 ({Black should try} 17... Qe6 $11) 18. axb4 $14 {[#] And now Rxa8 would win.} Rxa1 19. Rxa1 b6 (19... g5 $14) 20. Bf1 $36 {[%mdl 2048] White is really pushing.} bxc5 (20... Nxf2 $142 21. Kxf2 bxc5) 21. Bxd3 cxb4 22. Bb2 h6 (22... Ne8 $142 23. g4 Bg6) 23. Ra7 {Accuracy: White = 58%, Black = 33%.} 1-0

[Event "106th British-ch 2019"]
[Site "Torquay"]
[Date "2019.07.31"]
[Round "5.16"]
[White "Claridge-Hansen, William"]
[Black "Hand, Freddie"]
[Result "1-0"]
[WhiteElo "2297"]
[BlackElo "2142"]
[Annotator "NA"]
[PlyCount "87"]
[EventDate "2019.07.27"]
[EventType "swiss"]
[EventCountry "GBR"]
[SourceTitle "playchess.com"]
[Source "ChessBase"]
[SourceQuality "1"]
[TimeControl "40/5400+30:1800+30"]

1. c4 {[%emt 0:00:00]} c6 {[%emt 0:00:00]} 2. g3 {[%emt 0:00:00]} d5 {[%emt 0:00:00]} 3. Nf3 {[%emt 0:00:08]} Nf6 {[%emt 0:00:23]} 4. Bg2 {[%emt 0:00:23]} dxc4 {[%emt 0:00:34]} 5. O-O {[%emt 0:00:31]} b5 {[%emt 0:00:48]} 6. a4 {[%emt 0:01:34]} Bb7 {[%emt 0:00:33]} 7. b3 {[%emt 0:00:54]} b4 {[%emt 0:00:29]} 8. bxc4 {[%emt 0:02:19]} c5 {[%emt 0:00:04]} 9. a5 {[%emt 0:08:06]} a6 {[%emt 0:00:44]} 10. d3 {[%emt 0:06:08]} e6 {[%emt 0:01:45]} 11. Nbd2 {[%emt 0:01:50]} Be7 {[%emt 0:00:36]} 12. Nb3 {[%emt 0:01:07]} O-O {[%emt 0:06:04]} 13. Bb2 {[%emt 0:08:28]} Nbd7 {[%emt 0:10:25]} 14. e4 {[%emt 0:06:06]} h6 {[%emt 0:45:10]} 15. Qe2 {[%emt 0:08:09]} Qc7 {[%emt 0:01:26]} 16. Ne1 {[%emt 0:12:22]} Nh7 {[%emt 0:22:07]} 17. f4 {[%emt 0:02:59]} Rfd8 {[%emt 0:04:16]} 18. e5 {[%emt 0:08:06]} g6 {[%emt 0:01:08]} 19. g4 {[%emt 0:02:14]} Bf8 {[%emt 0:00:42]} 20. f5 {[%emt 0:01:36]} Re8 {[%emt 0:02:05]} 21. f6 {[%emt 0:03:59]} Rad8 {[%emt 0:00:04]} 22. h4 {[%emt 0:01:17]} Nb8 {[%emt 0:00:23]} 23. Bxb7 {[%emt 0:01:07]} Qxb7 {[%emt 0:00:05]} 24. Nf3 {[%emt 0:03:09]} Nc6 {[%emt 0:00:13]} 25. Nfd2 {[%emt 0:00:59]} Qd7 {[%emt 0:00:21]} 26. Rf3 {[%emt 0:00:13]} Qc7 {[%emt 0:00:45]} 27. Qh2 {[%emt 0:00:49]} Rd7 {[%emt 0:00:17]} 28. Ne4 {[%emt 0:01:14]} Nd4 {[%emt 0:00:36]} 29. Bxd4 {[%emt 0:00:34]} cxd4 {[%emt 0:00:05]} 30. Rff1 {[%emt 0:01:47]} Red8 {[%emt 0:00:52]} 31. Qf4 {[%emt 0:03:58]} Rc8 {[%emt 0:01:14]} 32. g5 {[%emt 0:00:57]} h5 {[%emt 0:00:21]} 33. Qg3 {[%emt 0:02:08]} Qc6 {[%emt 0:00:37]} 34. Rfc1 {[%emt 0:01:36]} Qb7 {[%emt 0:00:55]} 35. Ra2 {[%emt 0:01:39]} Qc6 {[%emt 0:00:06]} 36. Kf1 {[%emt 0:01:16]} Rdd8 {[%emt 0:00:15]} 37. Kg1 {[%emt 0:00:22]} Rd7 {[%emt 0:00:07]} 38. c5 {[%emt 0:01:50]} Qd5 {[%emt 0:00:11]} 39. Rc4 {[%emt 0:00:20]} Rb7 {[%emt 0:01:10]} 40. Rac2 {[%emt 0:02:28]} Rb5 {[%emt 0:01:02]} 41. Qf4 {[%emt 0:07:12]} Rd8 {[%emt 0:04:10]} 42. Ned2 {[%emt 0:07:15]} Qb7 {[%emt 0:05:10]} 43. Rxd4 {[%emt 0:03:15]} Rc8 {[%emt 0:00:38]} 44. Rdc4 {[%emt 0:00:25]} 1-0

[Event "106th British-ch 2019"]
[Site "Torquay"]
[Date "2019.07.31"]
[Round "5.17"]
[White "Brewer, Callum D"]
[Black "Zapolskis, Antanas"]
[Result "1/2-1/2"]
[WhiteElo "2086"]
[BlackElo "2290"]
[Annotator "ChessBase"]
[PlyCount "169"]
[EventDate "2019.07.27"]
[EventType "swiss"]
[EventCountry "GBR"]
[SourceTitle "playchess.com"]
[Source "ChessBase"]
[SourceQuality "1"]
[TimeControl "40/5400+30:1800+30"]

1. d4 {[%emt 0:00:36]} b5 {[%emt 0:00:00]} 2. e4 {[%emt 0:00:12]} a6 {[%emt 0:00:00]} 3. a4 {[%emt 0:00:05]} b4 {[%emt 0:00:44]} 4. Nf3 {[%emt 0:01:18]} e6 {[%emt 0:00:13]} 5. Bd3 {[%emt 0:01:20]} c5 {[%emt 0:01:20]} 6. Nbd2 {[%emt 0:01:00]} cxd4 {[%emt 0:01:50]} 7. Nxd4 {[%emt 0:01:05]} Bb7 {[%emt 0:00:59]} 8. O-O {[%emt 0:02:30]} Qc7 {[%emt 0:13:27]} 9. Nc4 {[%emt 0:06:36]} d5 {[%emt 0:00:23]} 10. exd5 {[%emt 0:04:16]} Bxd5 {[%emt 0:00:09]} 11. Qe2 {[%emt 0:06:22]} Nf6 {[%emt 0:04:57]} 12. g3 {[%emt 0:08:14]} Nc6 {[%emt 0:16:30]} 13. Nf5 {[%emt 0:12:23]} Bxc4 {[%emt 0:02:36]} 14. Bxc4 {[%emt 0:00:41]} Qe5 {[%emt 0:00:13]} 15. Qf3 {[%emt 0:14:15]} Qe4 {[%emt 0:00:30]} 16. Qxe4 {[%emt 0:00:30]} Nxe4 {[%emt 0:00:45]} 17. f3 {[%emt 0:09:32]} Ne5 {[%emt 0:02:22]} 18. Be2 {[%emt 0:03:05]} exf5 {[%emt 0:01:28]} 19. fxe4 {[%emt 0:00:11]} Bc5+ {[%emt 0:02:37]} 20. Kg2 {[%emt 0:00:26]} fxe4 {[%emt 0:00:55]} 21. Rf4 {[%emt 0:00:29]} e3 {[%emt 0:00:52]} 22. Re4 {[%emt 0:05:06]} f6 {[%emt 0:02:28]} 23. Bxe3 {[%emt 0:00:02]} Bxe3 {[%emt 0:01:32]} 24. Rxe3 {[%emt 0:00:02]} a5 {[%emt 0:00:48]} 25. c3 {[%emt 0:01:17]} Rb8 {[%emt 0:00:55]} 26. Bb5+ {[%emt 0:02:41]} Ke7 {[%emt 0:01:29]} 27. cxb4 {[%emt 0:07:24]} axb4 {[%emt 0:00:10]} 28. Re4 {[%emt 0:01:56]} Rhd8 {[%emt 0:06:58]} 29. Rf1 {[%emt 0:00:04]} Rd2+ {[%emt 0:06:01]} 30. Rf2 {[%emt 0:00:13]} Rxf2+ {[%emt 0:00:29]} 31. Kxf2 {[%emt 0:00:13]} Kd6 {[%emt 0:00:22]} 32. Re2 {[%emt 0:02:14]} Kc5 {[%emt 0:02:00]} 33. Rc2+ {[%emt 0:01:19]} Kb6 {[%emt 0:00:11]} 34. Ke3 {[%emt 0:01:11]} Rd8 {[%emt 0:02:03]} 35. Be2 {[%emt 0:00:33]} Nc6 {[%emt 0:05:33]} 36. Rc4 {[%emt 0:00:24]} b3 {[%emt 0:06:44]} 37. Bf3 {[%emt 0:02:23]} Ne5 {[%emt 0:00:39]} 38. Rb4+ {[%emt 0:01:11]} Ka5 {[%emt 0:00:09]} 39. Rxb3 {[%emt 0:00:23]} Kxa4 {[%emt 0:00:42]} 40. Ra3+ {[%emt 0:00:09]} Kb4 {[%emt 0:00:08]} 41. Be2 {[%emt 0:30:36]} Rd7 {[%emt 0:30:46]} 42. Rc3 {[%emt 0:02:43]} Re7 {[%emt 0:06:23]} 43. Kf2 {[%emt 0:01:34]} g5 {[%emt 0:00:40]} 44. Rc8 {[%emt 0:00:00]} Rb7 {[%emt 0:00:00]} 45. Rf8 {[%emt 0:00:00]} Rb6 {[%emt 0:00:00]} 46. Rh8 {[%emt 0:00:00]} Kc5 {[%emt 0:00:00]} 47. Rxh7 {[%emt 0:00:00]} Rxb2 {[%emt 0:00:00]} 48. Ke3 {[%emt 0:00:00]} Kd5 {[%emt 0:00:00]} 49. Ra7 {[%emt 0:00:00]} Rb3+ {[%emt 0:00:00]} 50. Kf2 {[%emt 0:00:00]} Ke4 {[%emt 0:00:00]} 51. Ra6 {[%emt 0:00:00]} Rb2 {[%emt 0:00:00]} 52. Ra4+ {[%emt 0:00:00]} Kf5 {[%emt 0:00:00]} 53. Ke3 {[%emt 0:00:00]} g4 {[%emt 0:00:00]} 54. h3 {[%emt 0:00:00]} gxh3 {[%emt 0:03:38]} 55. Rh4 {[%emt 0:00:00]} Rb3+ {[%emt 0:07:11]} 56. Kf2 {[%emt 0:00:33]} Nf7 {[%emt 0:02:09]} 57. Rxh3 {[%emt 0:04:28]} Ke5 {[%emt 0:00:10]} 58. Rh7 {[%emt 0:00:38]} Ng5 {[%emt 0:00:11]} 59. Re7+ {[%emt 0:00:12]} Kf5 {[%emt 0:00:12]} 60. Re3 {[%emt 0:01:48]} Ne4+ {[%emt 0:02:06]} 61. Kf3 {[%emt 0:00:41]} Rxe3+ {[%emt 0:00:19]} 62. Kxe3 {[%emt 0:00:01]} Nxg3 {[%emt 0:00:10]} 63. Ba6 {[%emt 0:01:14]} Kg5 {[%emt 0:01:36]} 64. Bb7 {[%emt 0:00:32]} f5 {[%emt 0:00:13]} 65. Kf3 {[%emt 0:01:04]} Nh5 {[%emt 0:00:17]} 66. Bc6 {[%emt 0:00:23]} Nf6 {[%emt 0:00:23]} 67. Ba8 {[%emt 0:00:52]} Nd7 {[%emt 0:00:12]} 68. Bb7 {[%emt 0:00:21]} Ne5+ {[%emt 0:00:12]} 69. Kf2 {[%emt 0:00:24]} f4 {[%emt 0:00:26]} 70. Bc8 {[%emt 0:00:33]} Kf6 {[%emt 0:00:20]} 71. Ke2 {[%emt 0:01:41]} Ke7 {[%emt 0:00:44]} 72. Kd2 {[%emt 0:00:32]} Nc4+ {[%emt 0:01:09]} 73. Kd3 {[%emt 0:01:03]} Nd6 {[%emt 0:00:09]} 74. Bg4 {[%emt 0:00:14]} Kf6 {[%emt 0:00:07]} 75. Ke2 {[%emt 0:00:30]} Ke5 {[%emt 0:00:44]} 76. Bf3 {[%emt 0:00:20]} Nb5 {[%emt 0:00:28]} 77. Kf2 {[%emt 0:00:25]} Nd4 {[%emt 0:00:43]} 78. Bb7 {[%emt 0:00:11]} Kf5 {[%emt 0:00:28]} 79. Bc8+ {[%emt 0:00:49]} Ke4 {[%emt 0:00:49]} 80. Bb7+ {[%emt 0:00:02]} Ke5 {[%emt 0:01:08]} 81. Ba8 {[%emt 0:00:34]} Ne6 {[%emt 0:00:22]} 82. Kf3 {[%emt 0:00:39]} Ng5+ {[%emt 0:01:40]} 83. Kg4 {[%emt 0:00:06]} Ne6 {[%emt 0:00:33]} 84. Kf3 {[%emt 0:00:07]} Nd4+ {[%emt 0:00:06]} 85. Kg4 {[%emt 0:00:12]} 1/2-1/2

[Event "106th British-ch 2019"]
[Site "Torquay"]
[Date "2019.07.31"]
[Round "5.18"]
[White "Ward, Chris G"]
[Black "Wall, Tim P"]
[Result "1-0"]
[WhiteElo "2418"]
[BlackElo "2246"]
[Annotator "TA"]
[PlyCount "83"]
[EventDate "2019.07.27"]
[EventType "swiss"]
[EventCountry "GBR"]
[SourceTitle "playchess.com"]
[Source "ChessBase"]
[SourceQuality "1"]

{[%evp 9,91,20,27,17,4,5,27,18,33,19,12,16,45,16,9,-5,0,0,0,-6,20,0,25,-25,-24,-27,-27,-25,-26,-26,-20,-55,-34,-38,-2,-2,13,13,13,13,13,13,14,14,14,14,14,14,15,-50,-52,-43,0,-6,-15,-19,-12,-20,143,86,55,0,140,141,359,358,387,377,375,381,360,351,522,495,718,719,714,711,704,665,1002,998,819,783]} 1. d4 Nf6 2. c4 c5 3. d5 b5 4. a4 Qa5+ (4... b4 5. Nd2 g6 6. e4 d6 7. g3 Bg7 8. Bg2 O-O 9. Ne2 Nbd7 10. O-O Rb8 11. Rb1 e6 12. dxe6 fxe6 13. b3 Bb7 14. Bb2 Qe7 {0-1 (40) Ponomariov,R (2731)-Aronian,L (2803) Beijing 2013}) 5. Bd2 b4 6. f3 {A57: Benko/Volga Gambit} d6 7. e4 e5 8. Bd3 {White has an edge.} Be7 $146 ({Predecessor:} 8... Nbd7 9. Ne2 Be7 10. b3 h5 11. Na3 Qc7 12. Nc2 {0-1 (84) Behrhorst,F (2268)-Sievers,S (2379) Germany 2013}) 9. Ne2 Qd8 10. a5 h5 11. Be3 h4 12. Nd2 Nbd7 13. Bc2 O-O 14. g3 Nh5 15. Nf1 Rb8 16. b3 Re8 17. g4 Nhf6 18. Bf2 Nh7 19. Ne3 Bg5 20. Nf5 Qf6 21. Ng1 $1 g6 22. Ne3 Bh6 23. Ng2 g5 24. Ne3 Ndf8 25. Nf5 Bg7 26. Be3 Bh8 27. Qd2 {And now Nh3 would win.} Ng6 28. Qf2 Nf4 29. Nxd6 (29. Kd2 $11) 29... Qxd6 $15 30. Bxc5 Qa6 31. Bxa7 Rb7 32. Bb6 Nf6 33. Ne2 Bd7 $2 (33... N6xd5 $11 34. exd5 e4 35. Nxf4 (35. Bxe4 $2 Rxe4 {[%mdl 64] Remove Defender} 36. fxe4 Nd3+ {[%mdl 64] Double Attack} 37. Kd2 Nxf2 $19) 35... Bxa1) 34. Kd2 (34. Rd1 $142) 34... Bg7 35. Nc1 {[#]} ({Better is} 35. Nxf4 $14 exf4 36. Bd3) 35... Reb8 (35... N6xd5 $1 $11 {[%mdl 512]} 36. cxd5 (36. exd5 e4 $11) 36... Bb5) 36. Nd3 $16 Nxd3 $2 (36... Qa8 $16 37. Nc5 (37. Nxb4 Bf8 $18) 37... Ra7 38. Bxa7 Qxa7) 37. Bxd3 $18 ({Weaker is} 37. Kxd3 {[#]} Nxd5 $1 {[%mdl 512]} 38. exd5 Rxb6 $17) 37... Bf8 38. c5 Bb5 39. Qe2 Bxd3 40. Qxd3 Qxd3+ (40... Ra7 $142 41. Qe3 Rd7 42. Qxg5+ Bg7) 41. Kxd3 {White is clearly winning.} Nd7 (41... Ra8 $142 42. c6 Re7) 42. Rhc1 {Played: c5-c6} 1-0

[Event "106th British-ch 2019"]
[Site "Torquay"]
[Date "2019.07.31"]
[Round "5.19"]
[White "Stoyanov, Viktor"]
[Black "Willow, Jonah B"]
[Result "1/2-1/2"]
[WhiteElo "2198"]
[BlackElo "2343"]
[Annotator "TA"]
[PlyCount "161"]
[EventDate "2019.07.27"]
[EventType "swiss"]
[EventCountry "GBR"]
[SourceTitle "playchess.com"]
[Source "ChessBase"]
[SourceQuality "1"]

{[%evp 20,161,92,68,99,79,103,95,83,42,68,67,67,56,79,81,75,70,100,66,142,143,121,89,139,22,19,19,28,0,45,31,54,51,47,0,61,61,67,67,58,0,21,6,21,21,33,0,14,-4,35,27,29,33,39,37,30,34,63,57,70,63,61,56,39,43,41,36,35,41,70,41,64,50,104,79,68,77,95,88,78,74,95,99,97,27,78,60,72,71,70,45,99,23,28,0,0,0,0,-42,0,-8,0,0,0,0,0,0,-8,-8,90,0,0,0,14,0,0,0,0,0,0,0,0,0,0,0,0,0,0,0,0,0,0,0,0,0,0,0,0,0,0,0,0,0]} 1. d4 Nf6 2. Nf3 e6 3. e3 b6 4. Bd3 Bb7 5. O-O Be7 6. c4 O-O 7. Nc3 c5 8. d5 exd5 9. cxd5 d6 10. e4 Nbd7 11. h3 Re8 {E14: Queen's Indian: Classical Variation (4 e3)} 12. Bf4 a6 13. a4 Bf8 {White is better.} 14. Qd2 Rc8 15. Rfe1 c4 16. Bc2 {[#]} Ne5 $146 ({Predecessor:} 16... Nc5 17. Rad1 g6 18. e5 dxe5 19. Bxe5 Bd6 20. Qd4 Bxe5 21. Nxe5 Nd3 22. Bxd3 cxd3 23. Rxd3 {1-0 (37) Dominguez Perez,L (2739)-Vachier Lagrave,M (2779) chess.com INT 2018}) 17. Nd4 Nfd7 18. Re3 Ng6 19. Bh2 Qg5 (19... Nge5 $14) 20. Kh1 $16 Nc5 21. Nf5 Qf6 22. Rf3 (22. f4 $16) 22... Nh4 $11 23. Nxh4 Qxh4 24. Re1 g6 25. Bf4 {[#] And now Bg5 would win.} Qd8 26. Bg5 Be7 27. Bh6 Nd7 (27... Bf6 $11) 28. Rfe3 $14 Bg5 29. Bxg5 Qxg5 30. Qd4 (30. Kg1 $14) 30... Qe5 (30... Qf6 {seems wilder.} 31. Qd2 Qg5) 31. Qxe5 (31. Ne2 {is interesting.} Qxd4 32. Nxd4 h5 33. Kg1 Kg7 34. f3) 31... dxe5 (31... Nxe5 {is more complex.} 32. f4 Nd7 33. e5 Nc5 34. Rd1 Rcd8) 32. Rd1 Nc5 33. Re2 Red8 34. Kg1 Ba8 35. f3 Rb8 36. Ra1 Rdc8 37. Nd1 Kg7 38. Ne3 Nb7 39. g4 h6 40. h4 Nd6 41. g5 h5 42. Bd1 Bb7 43. Rc2 b5 44. Be2 Kf8 45. Rcc1 Ke7 46. Kf2 Kd8 (46... f6 $14) 47. Ke1 Ke7 48. Kd2 f6 49. gxf6+ Kxf6 50. Rg1 Rc7 51. axb5 axb5 52. Ra7 (52. Kc3 $16) 52... b4 (52... Rcc8 $11 {remains equal.}) 53. Rc1 {[%cal Re3c4]} Nb5 54. Ra4 c3+ 55. bxc3 bxc3+ 56. Ke1 (56. Kd3 $16) 56... Nd4 $11 57. Bd1 g5 58. hxg5+ Kxg5 59. Ra2 Kf4 60. Kf2 Rbc8 61. Ng2+ Kg5 62. d6 Rd7 63. Ra5 Kf6 {[#] ...c2 is the strong threat.} 64. f4 Nc6 (64... c2 $1 $11 65. fxe5+ (65. Bxh5 $2 Nb3 $19 {[%mdl 64] Double Attack}) 65... Kg7 66. Bxc2 Nxc2) 65. fxe5+ ({Better is} 65. Rd5 $16 exf4 66. Rf5+ (66. Rxc3 Ne5 $16) 66... Ke6 67. Nxf4+ (67. Rxh5 Ne5 $14) (67. Bxh5 Rg7 $18) (67. Rxc3 Kxd6 68. Nxf4 Ne5 $14) 67... Kxd6 68. Bxh5 (68. Rxc3 Ne5 $14)) 65... Nxe5 {The position is equal.} 66. Nf4 h4 67. Nh5+ Ke6 68. Bb3+ Kxd6 {aiming for ...Nd3+.} 69. Rd1+ Kc7 {Strongly threatening ...Rxd1.} 70. Rxe5 {Threatens to win with Rxd7+.} Rxd1 71. Bxd1 Kd6 72. Rb5 c2 73. Bxc2 $1 Rxc2+ {[%mdl 4096] Endgame KRB-KRN} 74. Ke3 Rc5 75. Rxb7 Rxh5 {KR-KR} 76. Rb2 h3 {White must now prevent ...h2.} 77. Rh2 Ke5 78. Kf3 Rh8 79. Kg3 Kxe4 80. Rxh3 Rxh3+ 81. Kxh3 {Accuracy: White = 66%, Black = 40%.} 1/2-1/2

[Event "106th British-ch 2019"]
[Site "Torquay"]
[Date "2019.07.31"]
[Round "5.20"]
[White "Jones, Steven A"]
[Black "Derakhshani, Borna"]
[Result "0-1"]
[WhiteElo "2117"]
[BlackElo "2300"]
[Annotator "NA"]
[PlyCount "38"]
[EventDate "2019.07.27"]
[EventType "swiss"]
[EventCountry "GBR"]
[SourceTitle "playchess.com"]
[Source "ChessBase"]
[SourceQuality "1"]
[TimeControl "40/5400+30:1800+30"]

1. e4 {[%emt 0:00:00]} c6 {[%emt 0:06:38]} 2. d4 {[%emt 0:00:11]} d5 {[%emt 0:00:03]} 3. e5 {[%emt 0:00:50]} Bf5 {[%emt 0:00:05]} 4. Nc3 {[%emt 0:00:23]} e6 {[%emt 0:00:23]} 5. g4 {[%emt 0:01:10]} Bg6 {[%emt 0:00:05]} 6. Nge2 {[%emt 0:00:36]} c5 {[%emt 0:00:24]} 7. h4 {[%emt 0:00:52]} h5 {[%emt 0:00:03]} 8. Nf4 {[%emt 0:01:06]} Bh7 {[%emt 0:00:03]} 9. Nxh5 {[%emt 0:01:00]} Nc6 {[%emt 0:00:06]} 10. dxc5 {[%emt 0:00:50]} Bxc5 {[%emt 0:00:07]} 11. Bb5 {[%emt 0:00:26]} Kf8 {[%emt 0:06:47]} 12. Bxc6 {[%emt 0:04:32]} bxc6 {[%emt 0:00:04]} 13. Na4 {[%emt 0:00:46]} Be7 {[%emt 0:00:48]} 14. Be3 {[%emt 0:00:16]} Qb8 {[%emt 0:06:04]} 15. Qd4 {[%emt 0:05:41]} Bxc2 {[%emt 0:01:24]} 16. Nc5 {[%emt 0:01:00]} Qb5 {[%emt 0:12:17]} 17. Rc1 {[%emt 0:13:23]} Be4 {[%emt 0:17:39]} 18. f3 {[%emt 0:09:11]} Bxf3 {[%emt 0:04:31]} 19. Qf4 {[%emt 0:00:42]} Qe2# {[%emt 0:00:04]} 0-1

[Event "106th British-ch 2019"]
[Site "Torquay"]
[Date "2019.07.31"]
[Round "5.21"]
[White "Rudd, Jack"]
[Black "Longson, Sarah N"]
[Result "1-0"]
[WhiteElo "2275"]
[BlackElo "2095"]
[Annotator "NA"]
[PlyCount "65"]
[EventDate "2019.07.27"]
[EventType "swiss"]
[EventCountry "GBR"]
[SourceTitle "playchess.com"]
[Source "ChessBase"]
[SourceQuality "1"]
[TimeControl "40/5400+30:1800+30"]

1. d4 {[%emt 0:00:00]} d5 {[%emt 0:00:00]} 2. c4 {[%emt 0:00:00]} e6 {[%emt 0:00:00]} 3. Nc3 {[%emt 0:00:00]} a6 {[%emt 0:00:00]} 4. cxd5 {[%emt 0:00:00]} exd5 {[%emt 0:00:00]} 5. Nf3 {[%emt 0:00:07]} Nf6 {[%emt 0:00:00]} 6. Bg5 {[%emt 0:00:07]} Be6 {[%emt 0:00:06]} 7. e3 {[%emt 0:00:10]} Nbd7 {[%emt 0:00:19]} 8. Bd3 {[%emt 0:00:07]} h6 {[%emt 0:00:12]} 9. Bh4 {[%emt 0:00:05]} g5 {[%emt 0:00:11]} 10. Bg3 {[%emt 0:00:06]} Nh5 {[%emt 0:00:10]} 11. Qc2 {[%emt 0:01:38]} Nxg3 {[%emt 0:01:40]} 12. hxg3 {[%emt 0:00:07]} Bg7 {[%emt 0:08:58]} 13. O-O-O {[%emt 0:00:26]} c6 {[%emt 0:02:35]} 14. Bf5 {[%emt 0:01:54]} Bxf5 {[%emt 0:01:13]} 15. Qxf5 {[%emt 0:00:23]} Qf6 {[%emt 0:01:02]} 16. Qxf6 {[%emt 0:00:39]} Nxf6 {[%emt 0:01:03]} 17. Ne5 {[%emt 0:00:13]} Ne4 {[%emt 0:02:16]} 18. Nxe4 {[%emt 0:00:29]} dxe4 {[%emt 0:00:22]} 19. Nc4 {[%emt 0:00:29]} Ke7 {[%emt 0:01:33]} 20. g4 {[%emt 0:02:37]} Rhe8 {[%emt 0:06:29]} 21. Kb1 {[%emt 0:01:24]} Rad8 {[%emt 0:01:25]} 22. Rc1 {[%emt 0:00:31]} Rd5 {[%emt 0:02:22]} 23. Nb6 {[%emt 0:02:46]} Rd6 {[%emt 0:08:37]} 24. Na4 {[%emt 0:02:53]} Kf8 {[%emt 0:05:51]} 25. Rc3 {[%emt 0:01:54]} Re7 {[%emt 0:09:59]} 26. Rhc1 {[%emt 0:00:25]} Rd5 {[%emt 0:04:26]} 27. Nb6 {[%emt 0:01:38]} Rb5 {[%emt 0:02:27]} 28. Nc4 {[%emt 0:00:21]} Rd5 {[%emt 0:01:02]} 29. a4 {[%emt 0:01:24]} f5 {[%emt 0:05:51]} 30. Nb6 {[%emt 0:01:07]} Ra5 {[%emt 0:01:48]} 31. b4 {[%emt 0:00:08]} Rd5 {[%emt 0:01:30]} 32. Nxd5 {[%emt 0:00:08]} cxd5 {[%emt 0:00:01]} 33. gxf5 {[%emt 0:00:11]} 1-0

[Event "106th British-ch 2019"]
[Site "Torquay"]
[Date "2019.07.31"]
[Round "5.22"]
[White "Krzyzanowski, Patryk"]
[Black "Moore, Graham J"]
[Result "1/2-1/2"]
[WhiteElo "2114"]
[BlackElo "2264"]
[Annotator "NA"]
[PlyCount "110"]
[EventDate "2019.07.27"]
[EventType "swiss"]
[EventCountry "GBR"]
[SourceTitle "playchess.com"]
[Source "ChessBase"]
[SourceQuality "1"]
[TimeControl "40/5400+30:1800+30"]

1. Nf3 {[%emt 0:00:00]} d5 {[%emt 0:00:58]} 2. d4 {[%emt 0:00:35]} Nf6 {[%emt 0:00:24]} 3. c4 {[%emt 0:00:31]} e6 {[%emt 0:00:11]} 4. g3 {[%emt 0:03:03]} dxc4 {[%emt 0:00:10]} 5. Bg2 {[%emt 0:00:21]} a6 {[%emt 0:00:04]} 6. O-O {[%emt 0:00:12]} Nc6 {[%emt 0:00:03]} 7. Ne5 {[%emt 0:11:39]} Nxe5 {[%emt 0:02:24]} 8. dxe5 {[%emt 0:00:06]} Qxd1 {[%emt 0:00:04]} 9. Rxd1 {[%emt 0:00:08]} Nd7 {[%emt 0:00:17]} 10. Rd4 {[%emt 0:08:49]} Nxe5 {[%emt 0:02:18]} 11. Bf4 {[%emt 0:00:00]} Bd6 {[%emt 0:00:43]} 12. Nd2 {[%emt 0:00:00]} Bd7 {[%emt 0:22:47]} 13. Ne4 {[%emt 0:16:20]} Ke7 {[%emt 0:13:10]} 14. Rad1 {[%emt 0:00:00]} Rhd8 {[%emt 0:05:21]} 15. Nxd6 {[%emt 0:03:09]} cxd6 {[%emt 0:00:44]} 16. Bxb7 {[%emt 0:00:41]} Rab8 {[%emt 0:00:08]} 17. Rxd6 {[%emt 0:00:13]} Rxb7 {[%emt 0:00:14]} 18. Bxe5 {[%emt 0:00:13]} f6 {[%emt 0:00:32]} 19. Bc3 {[%emt 0:00:30]} Ra8 {[%emt 0:00:39]} 20. Bb4 {[%emt 0:06:33]} Ke8 {[%emt 0:01:07]} 21. a3 {[%emt 0:11:22]} e5 {[%emt 0:01:09]} 22. f4 {[%emt 0:02:47]} exf4 {[%emt 0:01:05]} 23. gxf4 {[%emt 0:00:10]} Bb5 {[%emt 0:00:07]} 24. e4 {[%emt 0:01:16]} Kf7 {[%emt 0:00:06]} 25. e5 {[%emt 0:00:25]} Re8 {[%emt 0:00:33]} 26. Bc3 {[%emt 0:01:36]} fxe5 {[%emt 0:01:17]} 27. fxe5 {[%emt 0:00:31]} Re6 {[%emt 0:00:17]} 28. Rf1+ {[%emt 0:01:05]} Ke7 {[%emt 0:00:12]} 29. Bb4 {[%emt 0:00:28]} Rxd6 {[%emt 0:00:19]} 30. exd6+ {[%emt 0:00:22]} Ke6 {[%emt 0:01:20]} 31. Re1+ {[%emt 0:06:06]} Kf5 {[%emt 0:01:28]} 32. Ba5 {[%emt 0:03:25]} Rd7 {[%emt 0:00:29]} 33. Bc7 {[%emt 0:01:48]} Kg4 {[%emt 0:00:45]} 34. Re3 {[%emt 0:03:27]} g6 {[%emt 0:03:26]} 35. Kf2 {[%emt 0:03:11]} h6 {[%emt 0:02:30]} 36. Ke1 {[%emt 0:00:20]} g5 {[%emt 0:00:57]} 37. Kd2 {[%emt 0:00:17]} Rf7 {[%emt 0:00:17]} 38. Rg3+ {[%emt 0:05:43]} Kh4 {[%emt 0:03:46]} 39. Kc3 {[%emt 0:02:19]} g4 {[%emt 0:00:14]} 40. a4 {[%emt 0:07:13]} Bxa4 {[%emt 0:01:50]} 41. Kxc4 {[%emt 0:30:15]} Rf2 {[%emt 0:30:13]} 42. Bd8+ {[%emt 0:00:00]} Kh5 {[%emt 0:00:00]} 43. h3 {[%emt 0:00:00]} Rxb2 {[%emt 0:00:00]} 44. Rxg4 {[%emt 0:00:00]} Bd7 {[%emt 0:00:00]} 45. Re4 {[%emt 0:00:00]} Rc2+ {[%emt 0:00:00]} 46. Kd4 {[%emt 0:00:00]} Rc8 {[%emt 0:00:00]} 47. Rh4+ {[%emt 0:00:00]} Kg6 {[%emt 0:00:00]} 48. Ba5 {[%emt 0:00:00]} Kg5 {[%emt 0:00:00]} 49. Be1 {[%emt 0:00:00]} Rf8 {[%emt 0:00:00]} 50. Re4 {[%emt 0:00:00]} Bxh3 {[%emt 0:00:00]} 51. Bd2+ {[%emt 0:00:00]} Kg6 {[%emt 0:11:03]} 52. Rh4 {[%emt 0:00:00]} Bd7 {[%emt 0:00:36]} 53. Rxh6+ {[%emt 0:00:00]} Kg7 {[%emt 0:00:25]} 54. Rh5 {[%emt 0:00:57]} Rf5 {[%emt 0:01:02]} 55. Rxf5 {[%emt 0:05:38]} Bxf5 {[%emt 0:00:05]} 1/2-1/2